| 000 | 00583nam a2200205 a 4500 | ||
|---|---|---|---|
| 005 | 20240806064010.0 | ||
| 008 | 051107s1992 mx r 000 0 spa d | ||
| 020 | _a956131004X | ||
| 035 | _aUPN01000140945 | ||
| 049 | _aCG | ||
| 050 | 4 |
_aPR5820 _bS2 |
|
| 100 | 1 |
_aWilde, Oscar, _d1854-1900 _928364 |
|
| 245 | 1 | 0 |
_aSalomé y una mujer sin importancia / _cOscar Wilde. |
| 260 |
_aSantiago de Chile : _bAndrés Bello, _c1992. |
||
| 300 | _a149 p. | ||
| 650 | 4 |
_aTEATRO INGLES _917427 |
|
| 650 | 4 |
_aLiteratura inglesa _95228 |
|
| 740 | 4 | _aUna mujer sin importancia | |
| 905 | _aLibro | ||
| 999 |
_c113093 _d113093 |
||